[Event "Sochi Amateur op 6th"]
[Site "Sochi"]
[Date "2019.04.13"]
[Round "9"]
[White "Polyakov, Yury"]
[Black "Mkrtumyan, Robert"]
[Result "1-0"]
[WhiteElo "2195"]
[BlackElo "1727"]
[PlyCount "95"]
[EventDate "2019.04.07"]
[EventType "swiss"]
[EventRounds "9"]
[EventCountry "RUS"]
[SourceTitle "CBM 189 Extra"]
[Source "ChessBase"]
[SourceDate "2019.06.03"]
[SourceVersion "1"]
[SourceVersionDate "2019.06.03"]
[SourceQuality "1"]

1. d4 Nf6 2. Nf3 d5 3. c4 e6 4. Nc3 c6 5. e3 Nbd7 6. Bd3 Bd6 7. 0-0 0-0 8. e4 dxe4 9. Nxe4 Nxe4 10. Bxe4 Nf6 11. Bc2 h6 12. b3 b6 13. Bb2 c5 14. Qe2 Bb7 15. Rad1 Qe7 16. Rfe1 Rfe8 17. Qd3 cxd4 18. Nxd4 Qc7 19. Nb5 Qc6 20. Qh3 Be7 21. Bxf6 Bxf6 22. Be4 Qxe4 23. Rxe4 Bxe4 24. Qg4 Bf5 25. Qe2 Red8 26. Nd6 Bg6 27. f3 Rd7 28. Ne4 Bd4+ 29. Kh1 Rad8 30. g3 e5 31. g4 a5 32. Kg2 f5 33. gxf5 Bxf5 34. a3 Rc8 35. b4 h5 36. c5 Rc6 37. Nd6 bxc5 38. Nxf5 axb4 39. axb4 Rg6+ 40. Kh3 cxb4 41. Nxd4 Rxd4 42. Rxd4 exd4 43. Qc4+ Kh7 44. Qxd4 Rf6 45. Kg2 Rh6 46. Qxb4 g5 47. h4 gxh4 48. Qxh4 1-0

[Event "Sochi Amateur op 6th"]
[Site "Sochi"]
[Date "2019.04.09"]
[Round "4"]
[White "Pavlichenko, Nikita"]
[Black "Polyakov, Yury"]
[Result "1/2-1/2"]
[WhiteElo "1678"]
[BlackElo "2195"]
[PlyCount "76"]
[EventDate "2019.04.07"]
[EventType "swiss"]
[EventRounds "9"]
[EventCountry "RUS"]
[SourceTitle "CBM 189 Extra"]
[Source "ChessBase"]
[SourceDate "2019.06.03"]
[SourceVersion "1"]
[SourceVersionDate "2019.06.03"]
[SourceQuality "1"]

1. d4 g6 2. Bf4 Bg7 3. e3 Nf6 4. h3 0-0 5. Nf3 d6 6. Be2 Nbd7 7. 0-0 b6 8. Nbd2 Bb7 9. c3 Ne4 10. Bd3 Nxd2 11. Nxd2 e5 12. Bg3 f5 13. dxe5 dxe5 14. Nf3 Qe7 15. Bh4 Nf6 16. Bc4+ Kh8 17. Qe2 h6 18. Bxf6 Bxf6 19. Rad1 Rad8 20. Rxd8 Rxd8 21. Rd1 Kg7 22. Rd2 c5 23. Ba6 Ba8 24. a3 e4 25. Nh2 Be5 26. Qd1 Rxd2 27. Qxd2 Qd6 28. Qxd6 Bxd6 29. Nf1 Bc6 30. c4 Be5 31. b3 Kf6 32. Ng3 g5 33. a4 f4 34. Ne2 f3 35. Ng3 Bc3 36. Bc8 Be5 37. Nh5+ Kg6 38. Ng3 Kf6 1/2-1/2

[Event "Sochi Amateur op 6th"]
[Site "Sochi"]
[Date "2019.04.08"]
[Round "2"]
[White "Apryshko, Gleb"]
[Black "Polyakov, Yury"]
[Result "0-1"]
[WhiteElo "2383"]
[BlackElo "2195"]
[PlyCount "96"]
[EventDate "2019.04.07"]
[EventType "swiss"]
[EventRounds "9"]
[EventCountry "RUS"]
[SourceTitle "CBM 189 Extra"]
[Source "ChessBase"]
[SourceDate "2019.06.03"]
[SourceVersion "1"]
[SourceVersionDate "2019.06.03"]
[SourceQuality "1"]

1. e4 e5 2. Nf3 Nc6 3. Nc3 Nf6 4. a3 d5 5. Bb5 Nxe4 6. Qe2 Nxc3 7. Qxe5+ Qe7 8. dxc3 Bd7 9. Qe3 0-0-0 10. 0-0 Qxe3 11. Bxe3 a6 12. Ba4 f6 13. Rfe1 Bg4 14. Bxc6 bxc6 15. Nd4 c5 16. Nc6 Re8 17. b4 Re6 18. Na5 d4 19. cxd4 cxb4 20. d5 Re5 21. axb4 Bxb4 22. Reb1 Bxa5 23. Rxa5 Be2 24. Rc5 Rd8 25. c4 Re4 26. Rc1 Kd7 27. Rc2 Bg4 28. h3 Bd1 29. Rb2 a5 30. Rc6 a4 31. Rb7 Rc8 32. Bb6 Bb3 33. c5 a3 34. Rbxc7+ Rxc7 35. Rxc7+ Ke8 36. d6 Rd4 37. Ra7 a2 38. Kh2 Rd1 39. c6 Rxd6 40. Ra8+ Kf7 41. c7 Rc6 42. Ra3 Be6 43. Ba5 Rc1 44. c8Q Rxc8 45. Bb6 Bd5 46. Bd4 Ra8 47. Ba7 Bc4 48. Kg3 Rd8 0-1

[Event "Sochi ChessAmateur op10"]
[Site "Sochi"]
[Date "2018.10.17"]
[Round "8"]
[White "Hakobyan, Romik"]
[Black "Polyakov, Yury"]
[Result "1-0"]
[WhiteElo "2043"]
[BlackElo "2246"]
[PlyCount "61"]
[EventDate "2018.10.12"]
[EventType "swiss"]
[EventRounds "9"]
[EventCountry "RUS"]
[SourceTitle "CBM 187 Extra"]
[Source "ChessBase"]
[SourceDate "2018.11.04"]
[SourceVersion "1"]
[SourceVersionDate "2018.11.04"]
[SourceQuality "1"]

1. d4 g6 2. Nf3 Bg7 3. c4 Nf6 4. Nc3 d5 5. cxd5 Nxd5 6. Bd2 0-0 7. e4 Nxc3 8. Bxc3 Bg4 9. Be2 Bxf3 10. Bxf3 e5 11. dxe5 Nc6 12. 0-0 Nxe5 13. Be2 c5 14. Qc2 Qe7 15. Rfd1 Nc6 16. Bc4 Nd4 17. Qd3 Rad8 18. Bd5 Kh8 19. Re1 Qd7 20. Rad1 f5 21. f3 f4 22. b4 b6 23. bxc5 bxc5 24. Qc4 Qd6 25. Rd2 h5 26. Red1 Kh7 27. Bb2 Rb8 28. Ba3 Qf6 29. Bxc5 Nc6 30. Bxf8 Ne5 31. Bxg7 1-0

[Event "Sochi ChessAmateur op10"]
[Site "Sochi"]
[Date "2018.10.15"]
[Round "5"]
[White "Karalkin, Maksim"]
[Black "Polyakov, Yury"]
[Result "1/2-1/2"]
[WhiteElo "2191"]
[BlackElo "2246"]
[PlyCount "54"]
[EventDate "2018.10.12"]
[EventType "swiss"]
[EventRounds "9"]
[EventCountry "RUS"]
[SourceTitle "CBM 187 Extra"]
[Source "ChessBase"]
[SourceDate "2018.11.04"]
[SourceVersion "1"]
[SourceVersionDate "2018.11.04"]
[SourceQuality "1"]

1. e4 d6 2. d4 Nf6 3. Nc3 g6 4. Nf3 Bg7 5. Be2 0-0 6. 0-0 c6 7. a4 a5 8. h3 Nbd7 9. e5 Ne8 10. Bf4 Nb6 11. Bg3 f5 12. exd6 exd6 13. Re1 Nf6 14. Bd3 d5 15. Qc1 Ne4 16. Be5 Be6 17. Bxg7 Kxg7 18. Ne5 Qh4 19. Bxe4 fxe4 20. Qe3 Nd7 21. Nxd7 Bxd7 22. f3 exf3 23. Qe7+ Qxe7 24. Rxe7+ Rf7 25. Rxf7+ Kxf7 26. Rf1 Bf5 27. Rxf3 Ke7 1/2-1/2

[Event "RUS-chT Seniors final"]
[Site "Sochi"]
[Date "2016.05.05"]
[Round "5.4"]
[White "Kaliberda, Vladimir"]
[Black "Polyakov, Yury"]
[Result "1/2-1/2"]
[WhiteElo "2268"]
[BlackElo "2264"]
[PlyCount "64"]
[EventDate "2016.05.01"]
[EventType "team-tourn"]
[EventRounds "9"]
[EventCountry "RUS"]
[SourceTitle "EXT 2018"]
[Source "ChessBase"]
[SourceDate "2017.10.13"]
[SourceVersion "1"]
[SourceVersionDate "2017.10.13"]
[SourceQuality "1"]
[WhiteTeam "Ekaterinburg Malachite"]
[BlackTeam "Belorechensk Univ"]
[WhiteTeamCountry "RUS"]
[BlackTeamCountry "RUS"]

1. d4 d5 2. Nf3 Nf6 3. c4 c6 4. cxd5 cxd5 5. Nc3 Nc6 6. Bf4 a6 7. e3 Bf5 8. a3 e6 9. Bd3 Bxd3 10. Qxd3 Be7 11. 0-0 0-0 12. Ne5 Nxe5 13. Bxe5 Qd7 14. Rfc1 Rfc8 15. Ne2 Ne4 16. f3 Nd6 17. Bxd6 Bxd6 18. Rxc8+ Rxc8 19. f4 Qa4 20. Rc1 Rxc1+ 21. Nxc1 g6 22. Qb3 Qc6 23. Nd3 Kg7 24. Kf2 Qc7 25. Ke2 Kf8 26. h4 h5 27. g3 Ke7 28. Kd2 Kd7 29. Ke2 Ke7 30. Kd2 Kd7 31. Ke2 Ke7 32. Kd2 Kd7 1/2-1/2

[Event "Yuzhny FO-ch op"]
[Site "Armavir"]
[Date "2015.02.??"]
[Round "4"]
[White "Polyakov, Yury"]
[Black "Kiriushin, Vladimir"]
[Result "1/2-1/2"]
[WhiteElo "2291"]
[BlackElo "2074"]
[PlyCount "61"]
[EventDate "2015.02.13"]
[EventType "swiss"]
[EventRounds "9"]
[EventCountry "RUS"]
[SourceTitle "CBM 165 Extra"]
[Source "ChessBase"]
[SourceDate "2015.04.21"]
[SourceVersion "1"]
[SourceVersionDate "2015.04.21"]
[SourceQuality "1"]

1. c4 Nf6 2. Nf3 c5 3. g3 b6 4. Bg2 Bb7 5. 0-0 g6 6. Nc3 Bg7 7. d4 cxd4 8. Qxd4 0-0 9. Qd3 Na6 10. Rd1 d6 11. Bd2 Nc5 12. Qc2 Qc8 13. Rac1 Re8 14. h3 Bc6 15. Be3 Rb8 16. b4 Ne6 17. Nd5 Qd7 18. Qd3 Red8 19. Nd4 Nxd4 20. Bxd4 Nxd5 21. cxd5 Bb5 22. Qd2 Bxd4 23. Qxd4 Rbc8 24. e4 Rxc1 25. Rxc1 Rc8 26. Rc3 f6 27. Kh2 Ba6 28. a3 Rxc3 29. Qxc3 Qc8 30. Qxc8+ Bxc8 31. Kg1 1/2-1/2

[Event "Voronezh op-A 17th"]
[Site "Voronezh"]
[Date "2013.06.20"]
[Round "8"]
[White "Semenova, Irina"]
[Black "Polyakov, Yury"]
[Result "1-0"]
[WhiteElo "2240"]
[BlackElo "2291"]
[PlyCount "54"]
[EventDate "2013.06.12"]
[EventType "swiss"]
[EventRounds "9"]
[EventCountry "RUS"]
[SourceTitle "EXT 2014"]
[Source "ChessBase"]
[SourceDate "2013.11.20"]
[SourceVersion "1"]
[SourceVersionDate "2013.11.20"]
[SourceQuality "1"]

1. e4 e5 2. Nf3 Nc6 3. Bb5 f5 4. d3 fxe4 5. dxe4 Nf6 6. 0-0 Bc5 7. Bxc6 bxc6 8. Nxe5 0-0 9. Nd2 d6 10. Nd3 Bb6 11. a4 a5 12. Qe2 Bg4 13. Qe1 Re8 14. Kh1 Bf5 15. f3 d5 16. e5 Nd7 17. f4 Nf6 18. Nf3 c5 19. Qe2 Ne4 20. Nf2 Nxf2+ 21. Qxf2 d4 22. Rd1 Qd5 23. b3 Rad8 24. c4 Qe4 25. Ra2 Rb8 26. Rb2 h6 27. Nh4 Bg4 1-0

[Event "Voronezh op-A 17th"]
[Site "Voronezh"]
[Date "2013.06.19"]
[Round "7"]
[White "Polyakov, Yury"]
[Black "Gochelashvili, David"]
[Result "0-1"]
[WhiteElo "2291"]
[BlackElo "2419"]
[PlyCount "92"]
[EventDate "2013.06.12"]
[EventType "swiss"]
[EventRounds "9"]
[EventCountry "RUS"]
[SourceTitle "EXT 2014"]
[Source "ChessBase"]
[SourceDate "2013.11.20"]
[SourceVersion "1"]
[SourceVersionDate "2013.11.20"]
[SourceQuality "1"]

1. d4 Nf6 2. c4 g6 3. Nc3 Bg7 4. e4 d6 5. Be2 0-0 6. Bg5 c5 7. d5 h6 8. Be3 e6 9. Qd2 exd5 10. exd5 Kh7 11. h3 Re8 12. Nf3 Bf5 13. 0-0 Ne4 14. Nxe4 Bxe4 15. Rac1 Nd7 16. Ne1 a5 17. Bd3 a4 18. Bxe4 Rxe4 19. Qc2 Qe7 20. Nf3 Qe8 21. Rfe1 Nf6 22. Bg5 Rxe1+ 23. Rxe1 Qd7 24. Bf4 b5 25. b3 bxc4 26. bxc4 a3 27. Qd3 Ra6 28. Kf1 Rb6 29. Bc1 Qf5 30. Qxf5 gxf5 31. Bxa3 Ne4 32. Bc1 Bc3 33. Rd1 Rb1 34. Ke2 Ra1 35. Be3 Rxa2+ 36. Kf1 Kg6 37. g3 h5 38. Rb1 Ra4 39. Rb8 Rxc4 40. Rg8+ Kf6 41. Rh8 Bd4 42. Bxd4+ cxd4 43. Rh6+ Kg7 44. Rxh5 Kg6 45. Rh4 d3 46. Ke1 Rc1# 0-1

[Event "Voronezh op-A 17th"]
[Site "Voronezh"]
[Date "2013.06.12"]
[Round "1"]
[White "Polyakov, Yury"]
[Black "Sethuraman, SP."]
[Result "0-1"]
[WhiteElo "2291"]
[BlackElo "2560"]
[PlyCount "56"]
[EventDate "2013.06.12"]
[EventType "swiss"]
[EventRounds "9"]
[EventCountry "RUS"]
[SourceTitle "EXT 2014"]
[Source "ChessBase"]
[SourceDate "2013.11.20"]
[SourceVersion "1"]
[SourceVersionDate "2013.11.20"]
[SourceQuality "1"]

1. d4 d5 2. c4 e6 3. Nc3 c6 4. Nf3 Nf6 5. Bg5 h6 6. Bh4 dxc4 7. e4 b5 8. e5 g5 9. Nxg5 hxg5 10. Bxg5 Nbd7 11. exf6 Qa5 12. g3 b4 13. Ne4 Ba6 14. b3 0-0-0 15. Bxc4 Bxc4 16. bxc4 Nc5 17. Nxc5 Bxc5 18. Be3 Bxd4 19. Bxd4 Qf5 20. Qa4 Rxd4 21. 0-0 Re4 22. Qc2 Rxh2 23. Kxh2 Rh4+ 24. gxh4 Qxc2 25. Kg3 Qe4 26. Rac1 Qd3+ 27. f3 Qg6+ 28. Kh3 Qxf6 0-1

[Event "Belorechensk Seniors op"]
[Site "Belorechensk"]
[Date "2013.02.20"]
[Round "8"]
[White "Akhmedzhanov, Kamil"]
[Black "Polyakov, Yury"]
[Result "0-1"]
[WhiteElo "2278"]
[BlackElo "2267"]
[PlyCount "108"]
[EventDate "2013.02.13"]
[EventType "swiss"]
[EventRounds "9"]
[EventCountry "RUS"]
[SourceTitle "CBM 153 Extra"]
[Source "ChessBase"]
[SourceDate "2013.04.22"]
[SourceVersion "1"]
[SourceVersionDate "2013.04.22"]
[SourceQuality "1"]

1. Nf3 Nf6 2. b3 g6 3. Bb2 Bg7 4. c4 0-0 5. e3 d6 6. d3 e5 7. Be2 Re8 8. Nbd2 Nc6 9. a3 a5 10. h3 d5 11. cxd5 Nxd5 12. Qc2 f5 13. 0-0 Be6 14. Rfe1 Nb6 15. Rac1 Bf7 16. Bf1 Qe7 17. g3 Rad8 18. Rcd1 h6 19. Bg2 g5 20. Nh2 Qd7 21. Nc4 Bd5 22. e4 Be6 23. Nf3 Nxc4 24. dxc4 Qf7 25. Rxd8 Rxd8 26. exf5 Bxf5 27. Qc1 e4 28. Nd2 Nd4 29. Re3 Qd7 30. g4 Bg6 31. Nxe4 Qf7 32. Nc3 c6 33. Ne2 Nc2 34. Rf3 Qe7 35. Ng3 Bxb2 36. Qxb2 Qxa3 37. Qe5 Qa1+ 38. Qxa1 Nxa1 39. Bf1 Rd1 40. Kg2 Kg7 41. c5 Nc2 42. Rc3 Ne1+ 43. Kh2 Nd3 44. Rc2 Nb4 45. Re2 Bd3 46. Re7+ Kf6 47. Rd7 Rxf1 48. Nxf1 Bxf1 49. Rxb7 Bb5 50. Ra7 Nd3 51. Rxa5 Nxc5 52. h4 gxh4 53. f4 Nxb3 54. f5 Nd4 0-1

[Event "Krasnodar Region Cup"]
[Site "Krasnodar"]
[Date "2013.01.28"]
[Round "6"]
[White "Trubchaninov, Timur"]
[Black "Polyakov, Yury"]
[Result "1/2-1/2"]
[WhiteElo "2017"]
[BlackElo "2267"]
[PlyCount "110"]
[EventDate "2013.01.23"]
[EventType "swiss"]
[EventRounds "8"]
[EventCountry "RUS"]
[SourceTitle "EXT 2023"]
[Source "ChessBase"]
[SourceDate "2022.10.05"]
[SourceVersion "1"]
[SourceVersionDate "2022.10.05"]
[SourceQuality "1"]

1. e4 c5 2. Nf3 Nc6 3. c3 Nf6 4. e5 Nd5 5. d4 cxd4 6. cxd4 d6 7. Bc4 Nb6 8. Bb5 dxe5 9. Nxe5 Bd7 10. Nc3 e6 11. 0-0 Be7 12. Qg4 0-0 13. Bh6 Bf6 14. Bd3 Nxe5 15. dxe5 Bxe5 16. Qe4 Bxh2+ 17. Kxh2 f5 18. Qf4 gxh6 19. Rfe1 Rf6 20. Rad1 Qb8 21. Qxb8+ Rxb8 22. Bb5 Bxb5 23. Nxb5 Nd5 24. Re5 Rc8 25. Nd4 Kf7 26. Rd2 Nf4 27. Nb5 Ke7 28. Nxa7 Rc7 29. Nb5 Rd7 30. Rxd7+ Kxd7 31. Re3 Nd5 32. Re1 Rf8 33. Nd4 Nc7 34. f4 Ra8 35. a3 Ra4 36. Rd1 Ke7 37. g3 Kf6 38. Kg2 Nd5 39. Kf3 Rc4 40. Ke2 Rc8 41. Rh1 Nc7 42. Rxh6+ Kg7 43. Rh1 Rd8 44. Rc1 Rxd4 45. Rxc7+ Kg6 46. Rxb7 h5 47. Rb4 Rd5 48. Rc4 e5 49. fxe5 Rxe5+ 50. Kf2 Rd5 51. Rc2 Rd3 52. Re2 Kg5 53. Rc2 Rb3 54. Rd2 Kg4 55. Rc2 Kg5 1/2-1/2

[Event "Krasnodar Region Cup"]
[Site "Krasnodar"]
[Date "2013.01.23"]
[Round "1"]
[White "Polyakov, Yury"]
[Black "Markosian, Sergey"]
[Result "1-0"]
[WhiteElo "2267"]
[BlackElo "1825"]
[PlyCount "47"]
[EventDate "2013.01.23"]
[EventType "swiss"]
[EventRounds "8"]
[EventCountry "RUS"]
[SourceTitle "EXT 2023"]
[Source "ChessBase"]
[SourceDate "2022.10.05"]
[SourceVersion "1"]
[SourceVersionDate "2022.10.05"]
[SourceQuality "1"]

1. d4 g6 2. c4 c6 3. Nc3 Nf6 4. e4 d6 5. Nf3 Bg7 6. h3 0-0 7. Bg5 Qa5 8. Qd2 Nbd7 9. Bd3 e5 10. d5 Nc5 11. 0-0 h6 12. Bxf6 Bxf6 13. Bc2 cxd5 14. Qxh6 Bg7 15. Qh4 d4 16. Nd5 Re8 17. b4 Qa6 18. bxc5 Qxc4 19. Bb3 Qxc5 20. Rac1 Qa5 21. Ng5 Be6 22. Qh7+ Kf8 23. Nxe6+ fxe6 24. f4 1-0

[Event "Krasnodar Region-ch"]
[Site "Krasnodar"]
[Date "2012.10.09"]
[Round "8"]
[White "Polyakov, Yury"]
[Black "Panarin, Mikhail"]
[Result "0-1"]
[WhiteElo "2266"]
[BlackElo "2563"]
[PlyCount "84"]
[EventDate "2012.10.02"]
[EventType "swiss"]
[EventRounds "9"]
[EventCountry "RUS"]
[SourceTitle "EXT 2013"]
[Source "ChessBase"]
[SourceDate "2012.11.22"]
[SourceVersion "1"]
[SourceVersionDate "2012.11.22"]
[SourceQuality "1"]

1. d4 Nf6 2. Nf3 e6 3. c4 c5 4. d5 d6 5. Nc3 exd5 6. cxd5 g6 7. e4 Bg7 8. Be2 0-0 9. 0-0 Re8 10. Nd2 Nbd7 11. Re1 a6 12. a4 g5 13. f3 Nh5 14. g3 Bd4+ 15. Kg2 Ng7 16. Nb3 Bf6 17. Nd2 Ne5 18. Nc4 Nxc4 19. Bxc4 Be5 20. f4 gxf4 21. gxf4 Bd4 22. Qf3 Kh8 23. Be3 f5 24. e5 dxe5 25. fxe5 Bxe5 26. Bf4 Bxf4 27. Qxf4 Bd7 28. Kh1 b5 29. Bf1 b4 30. Ne2 Qb8 31. Qh6 Re4 32. Ng3 Rxe1 33. Rxe1 Qf8 34. Bxa6 Bxa4 35. Bc4 Rd8 36. Ne2 Qe7 37. Rg1 Bc2 38. h3 Be4+ 39. Kh2 Qe5+ 40. Rg3 Bxd5 41. Nf4 Rd6 42. Rg6 Rxg6 0-1

[Event "Anapa op"]
[Site "Anapa"]
[Date "2012.09.06"]
[Round "7"]
[White "Polyakov, Yury"]
[Black "Grigoriev, Vladimir"]
[Result "1-0"]
[WhiteElo "2266"]
[BlackElo "2146"]
[PlyCount "90"]
[EventDate "2012.08.30"]
[EventType "swiss"]
[EventRounds "9"]
[EventCountry "RUS"]
[SourceTitle "CBM 150 Extra"]
[Source "ChessBase"]
[SourceDate "2012.10.19"]
[SourceVersion "1"]
[SourceVersionDate "2012.10.19"]
[SourceQuality "1"]

1. d4 d5 2. c4 c6 3. Nf3 Nf6 4. Nc3 a6 5. e3 b5 6. b3 Bg4 7. Be2 e6 8. 0-0 Nbd7 9. h3 Bxf3 10. Bxf3 Bb4 11. Bd2 Rc8 12. Nxd5 Nxd5 13. cxd5 Bxd2 14. dxe6 Bc3 15. exd7+ Qxd7 16. Qc2 Bxa1 17. Bg4 Qc7 18. Bxc8 Bxd4 19. exd4 Qxc8 20. Re1+ Kd8 21. Qc5 Qd7 22. Qb6+ Kc8 23. Rc1 Qb7 24. Rxc6+ Kb8 25. Qc5 Rc8 26. Qd6+ Ka7 27. d5 Rxc6 28. dxc6 Qc8 29. Qc5+ Ka8 30. Qb6 b4 31. Kf1 f6 32. Kg1 h5 33. Kf1 g5 34. Kg1 f5 35. Kf1 f4 36. f3 h4 37. c7 Qb7 38. Qc5 Qc8 39. Qc6+ Ka7 40. Kg1 a5 41. Kh2 g4 42. hxg4 h3 43. gxh3 a4 44. Qxa4+ Kb7 45. Qxb4+ Ka7 1-0

[Event "Eisk Azovskie Zori op"]
[Site "Eisk"]
[Date "2011.06.07"]
[Round "3"]
[White "Grigoriev, Igor"]
[Black "Polyakov, Yury"]
[Result "0-1"]
[WhiteElo "2007"]
[BlackElo "2287"]
[PlyCount "132"]
[EventDate "2011.06.05"]
[EventType "swiss"]
[EventRounds "9"]
[EventCountry "RUS"]
[SourceTitle "EXT 2012"]
[Source "ChessBase"]
[SourceDate "2011.11.24"]
[SourceVersion "1"]
[SourceVersionDate "2011.11.24"]
[SourceQuality "1"]

1. e4 g6 2. d4 Bg7 3. Nc3 d6 4. Be3 a6 5. f4 b5 6. Nf3 Bb7 7. Bd3 Nd7 8. e5 Nb6 9. Qe2 e6 10. 0-0 Ne7 11. Ng5 Qd7 12. Nce4 h6 13. Nf3 Nf5 14. Bf2 Nd5 15. Qd2 f6 16. Rae1 fxe5 17. dxe5 0-0 18. c4 bxc4 19. Bxc4 Rae8 20. g4 Nfe7 21. Bg3 Nb6 22. Bb3 Bd5 23. Bxd5 Nbxd5 24. g5 Nf5 25. Nf6+ Bxf6 26. gxf6 Kf7 27. Qa5 Qb5 28. Qxb5 axb5 29. Nh4 Nxh4 30. Bxh4 Ra8 31. a3 Ra4 32. Bg3 h5 33. h4 Rfa8 34. Rc1 b4 35. axb4 Rxb4 36. Rf2 Rab8 37. Rcc2 Rb3 38. Kh2 R8b7 39. Rfe2 Ne3 40. Rc3 Nd5 41. Rxb3 Rxb3 42. Kg2 Ne3+ 43. Kf2 Nc4 44. Rc2 d5 45. Bh2 c6 46. Bg3 Ke8 47. Bh2 Rb8 48. Kf3 Kd7 49. Rg2 Rb3+ 50. Kf2 Rxb2+ 51. Kg1 Rxg2+ 52. Kxg2 Ne3+ 53. Kh3 Nf5 54. Bg1 d4 55. Bf2 c5 56. Kg2 c4 57. Be1 c3 58. Kh3 Ke8 59. Kg2 Nxh4+ 60. Kf2 Nf5 61. Ke2 h4 62. Bf2 h3 63. Bg1 c2 64. Kd2 d3 65. Bh2 Nh4 66. Bg3 Nf3+ 0-1

[Event "Yuzhny FO-ch op"]
[Site "Armavir"]
[Date "2011.03.16"]
[Round "5"]
[White "Kruglyak, Nikita"]
[Black "Polyakov, Yury"]
[Result "0-1"]
[WhiteElo "2016"]
[BlackElo "2317"]
[PlyCount "82"]
[EventDate "2011.03.12"]
[EventType "swiss"]
[EventRounds "9"]
[EventCountry "RUS"]
[SourceTitle "CBM 141 Extra"]
[Source "ChessBase"]
[SourceDate "2011.05.03"]
[SourceVersion "1"]
[SourceVersionDate "2011.05.03"]
[SourceQuality "1"]

1. e4 c5 2. Nf3 e6 3. d4 cxd4 4. Nxd4 Nc6 5. Nc3 Qc7 6. Be3 a6 7. a3 Nf6 8. Be2 Be7 9. 0-0 0-0 10. f4 d6 11. g4 Nxd4 12. Bxd4 e5 13. Be3 exf4 14. Bxf4 Be6 15. Kh1 Rac8 16. g5 Nd7 17. Bg4 Ne5 18. Bxe6 fxe6 19. Bxe5 dxe5 20. Qg4 Qc6 21. h4 Qc4 22. Rxf8+ Rxf8 23. Kg2 Rf4 24. Qh3 Kf7 25. Rd1 Kg6 26. Qd3 Qxd3 27. Rxd3 Rxh4 28. Rd7 Bxg5 29. Rxb7 Bf4 30. Rb6 Rh2+ 31. Kf3 Kf7 32. Ne2 g5 33. Nxf4 exf4 34. Rb3 Rh3+ 35. Kg4 Rxb3 36. cxb3 e5 37. a4 Ke6 38. b4 Kd6 39. b3 Kc6 40. Kh3 h5 41. Kg2 g4 0-1

[Event "Yuzhny FO-ch op"]
[Site "Armavir"]
[Date "2011.03.15"]
[Round "4"]
[White "Polyakov, Yury"]
[Black "Mavlyaveev, Vladimir"]
[Result "1-0"]
[WhiteElo "2317"]
[BlackElo "1803"]
[PlyCount "75"]
[EventDate "2011.03.12"]
[EventType "swiss"]
[EventRounds "9"]
[EventCountry "RUS"]
[SourceTitle "CBM 141 Extra"]
[Source "ChessBase"]
[SourceDate "2011.05.03"]
[SourceVersion "1"]
[SourceVersionDate "2011.05.03"]
[SourceQuality "1"]

1. e4 e5 2. Nf3 Nc6 3. Bb5 g6 4. c3 d6 5. d4 Bd7 6. 0-0 Bg7 7. Bg5 Qc8 8. Re1 Nge7 9. Na3 a6 10. Ba4 0-0 11. d5 Nxd5 12. exd5 Nd8 13. Bxd7 Qxd7 14. Qd2 f5 15. Bh6 f4 16. Bxg7 Kxg7 17. Nc4 Nf7 18. Qd3 Rae8 19. Ncd2 Qe7 20. h3 g5 21. Nd4 Kh8 22. Ne6 Rg8 23. Qf3 Rg6 24. g4 b5 25. b3 c5 26. a4 Nd8 27. Nxd8 Rxd8 28. axb5 axb5 29. Qd3 Qd7 30. c4 b4 31. Ra6 Qf7 32. Rea1 Rd7 33. Qf5 Qxf5 34. gxf5 Rh6 35. Kg2 Kg7 36. Ne4 Kf7 37. f3 Ke7 38. Nxc5 1-0

[Event "Yuzhny FO-ch op"]
[Site "Armavir"]
[Date "2011.03.14"]
[Round "3"]
[White "Chub, Alexey"]
[Black "Polyakov, Yury"]
[Result "1-0"]
[WhiteElo "2094"]
[BlackElo "2317"]
[PlyCount "220"]
[EventDate "2011.03.12"]
[EventType "swiss"]
[EventRounds "9"]
[EventCountry "RUS"]
[SourceTitle "CBM 141 Extra"]
[Source "ChessBase"]
[SourceDate "2011.05.03"]
[SourceVersion "1"]
[SourceVersionDate "2011.05.03"]
[SourceQuality "1"]

1. d4 Nf6 2. c4 g6 3. Nc3 Bg7 4. e4 0-0 5. Be2 c5 6. Nf3 d6 7. 0-0 Bg4 8. d5 e5 9. Bg5 h6 10. Bh4 Bd7 11. Ne1 Na6 12. a3 Qe8 13. Rb1 Nh7 14. Nb5 Bxb5 15. cxb5 Nb8 16. f3 Nd7 17. b3 Bf6 18. Bxf6 Nhxf6 19. Nd3 Kg7 20. a4 a5 21. bxa6 Rxa6 22. Nb2 Ra7 23. Bb5 Qd8 24. Nc4 Nb6 25. Ne3 Ra8 26. Qd2 Nc8 27. b4 cxb4 28. Rxb4 Nb6 29. Rfb1 Nbd7 30. Bxd7 Nxd7 31. Nc4 Nc5 32. a5 Qc7 33. Qe2 Rfd8 34. h3 Rac8 35. Nb6 Rb8 36. Rc1 Qe7 37. Rb5 Qg5 38. Rbxc5 dxc5 39. Rxc5 Qe7 40. Qc4 Qg5 41. Qd3 Rd6 42. Rc7 Rbd8 43. Qc3 Rxb6 44. axb6 Ra8 45. Qb2 Ra4 46. Qc1 Qg3 47. Rxf7+ Kxf7 48. Qc7+ Kf6 49. Qd8+ Kf7 50. Qd7+ Kf6 51. Qxa4 Qe1+ 52. Kh2 Qe3 53. Qb5 Qf4+ 54. Kg1 Qe3+ 55. Kh1 Qc1+ 56. Kh2 Qf4+ 57. Kg1 Qe3+ 58. Kf1 Qc1+ 59. Kf2 Qd2+ 60. Qe2 Qb4 61. Qe3 g5 62. Kg3 Kg6 63. Kh2 h5 64. h4 gxh4 65. Kh3 Qb1 66. Kh2 Qb4 67. Qf2 Kg5 68. Qe3+ Kg6 69. Kh3 Qd4 70. Qa3 Qxb6 71. Qe7 Qf6 72. Qxb7 Qg5 73. Qc6+ Kg7 74. Qb7+ Kh6 75. Qb6+ Kh7 76. Qf2 Qc1 77. Kxh4 Kh6 78. Qb6+ Kg7 79. Qb7+ Kf8 80. Qb8+ Kf7 81. Qb7+ Kf8 82. Kxh5 Qh1+ 83. Kg6 Qxg2+ 84. Kf6 Qxf3+ 85. Ke6 Qg4+ 86. Kxe5 Qg3+ 87. Kd4 Qf2+ 88. Ke5 Qg3+ 89. Ke6 Qg4+ 90. Kd6 Qg6+ 91. Kd7 Qe8+ 92. Kd6 Qg6+ 93. Kc7 Qxe4 94. Qc8+ Kf7 95. Qd7+ Kf6 96. Qc6+ Kf7 97. d6 Qe5 98. Kc8 Qh8+ 99. Kc7 Qe5 100. Qc4+ Kf8 101. Qc6 Kf7 102. Qf3+ Ke8 103. Qc6+ Kf7 104. Kb8 Ke6 105. Kc7 Kf7 106. Qd7+ Kf8 107. Kd8 Qa5+ 108. Qc7 Qa8+ 109. Qc8 Qa7 110. Qf5+ Kg8 1-0

[Event "Krasnodar Region-ch"]
[Site "Krasnodar"]
[Date "2010.10.23"]
[Round "8"]
[White "Polyakov, Yury"]
[Black "Furtuna, Alexei"]
[Result "1/2-1/2"]
[WhiteElo "2301"]
[BlackElo "2318"]
[PlyCount "92"]
[EventDate "2010.10.16"]
[EventType "swiss"]
[EventRounds "9"]
[EventCountry "RUS"]
[SourceTitle "EXT 2022"]
[Source "ChessBase"]
[SourceDate "2021.10.06"]
[SourceVersion "1"]
[SourceVersionDate "2021.10.06"]
[SourceQuality "1"]

1. g3 Nf6 2. Bg2 d5 3. d4 c6 4. Nf3 Bf5 5. 0-0 h6 6. c4 e6 7. Qb3 Qb6 8. c5 Qa6 9. Qd1 b6 10. b4 bxc5 11. bxc5 Nbd7 12. Bf4 Be7 13. Nc3 0-0 14. Re1 Ne4 15. Nxe4 Bxe4 16. Bf1 Qa5 17. Nd2 Bg6 18. Nb3 Qa4 19. Qd2 Bd8 20. Bd6 Re8 21. e3 e5 22. Bh3 f5 23. f4 exf4 24. exf4 Re4 25. Bg2 Rxe1+ 26. Qxe1 Kf7 27. Qd2 Nf6 28. Re1 Bh5 29. h3 Rc8 30. Re5 g6 31. Qe3 Ne4 32. g4 fxg4 33. Bxe4 dxe4 34. Qxe4 Qc4 35. Rxh5 gxh5 36. Qf5+ Bf6 37. Qxh5+ Kg7 38. Qxg4+ Kf7 39. Qxc8 Bxd4+ 40. Nxd4 Qxd4+ 41. Kg2 Qb2+ 42. Kf3 Qc3+ 43. Kg4 Qg7+ 44. Kf5 Qg6+ 45. Ke5 Qg7+ 46. Ke4 Qg2+ 1/2-1/2